[Event "Dos Hermanas"]
[Site "Dos Hermanas"]
[Date "1997.04.08"]
[Round "6"]
[White "Karpov, Anatoly"]
[Black "Anand, Viswanathan"]
[Result "1/2-1/2"]
[WhiteElo "2760"]
[BlackElo "2765"]
[Annotator "Anand,V"]
[PlyCount "68"]
[EventDate "1997.04.01"]
[EventType "tourn"]
[EventRounds "9"]
[EventCountry "ESP"]
[EventCategory "19"]
[SourceTitle "CBM 059"]
[Source "ChessBase"]
[SourceDate "1997.08.01"]
[SourceVersion "1"]
[SourceVersionDate "1997.08.01"]
[SourceQuality "1"]

{I was leading Karpov by one point and since this game was played after the
rest day, it was clear that I would have a tough game ahead of me.} 1. d4 {
Huzman} d5 2. c4 dxc4 {I had played a Slav against Topalov in the 3rd round,
and sacrificed my queen to escape from a difficult position. Though Black's
position was better than it looked, repeating it seemed like asking for
trouble! So this time, I settled for the good old QGA.} 3. e4 e5 {In Wijk aan
Zee, Loek Van Wely told me that this system with 6...Be6 was quite good. Later
I took a look at the system and decided to give it a shot.} 4. Nf3 exd4 5. Bxc4
Nc6 6. O-O Be6 7. Bxe6 (7. Bb5 Bc5 {Doesn't give White much.}) 7... fxe6 8. Qb3
{The critical line, of course.} Qd7 9. Qxb7 Rb8 10. Qa6 Nf6 11. Nbd2 Bb4 {
The idea. By threatening to take on d2, Black provokes Nc4 with the Q still
stuck on a6.} 12. Nc4 (12. Qd3 {Huzman Beliavsky -Scherbakov,1996}) 12... O-O {
All this has been played before and in fact we only deviated from theory on
move 18. Nonetheless, Karpov spent more than an hour getting to move 18.} (
12... Nxe4 {Huzman} 13. Nce5 Nxe5 14. Nxe5 $18) 13. a3 Bc5 (13... Be7 $5 {
Huzman} 14. Re1 $14) 14. b4 Bb6 15. b5 {A very committal move. White is
willing to trap his Q temporarily in order to dominate the light squares.} Ne7
16. Nfe5 Qe8 17. Re1 Ng6 {I had been waiting for Karpov to improve and now it
happens!} 18. Nd3 $1 {Here Karpov shows his improvement from the game
Iskusnyh-Rublevsky Elista 1995, where White played the weaker 18.Nc6.} (18. Nc6
$2 Nh4 19. Qa4 (19. Bg5 Qh5 {/\20.B:h4 Q:h4 21.N:b8 Ng4->}) 19... Qh5 {/\20.N:
b8? Qg4-+ Iskusnych-Rublevsky/RUS-ch/1995/}) 18... Nh4 $2 {This turns out to
be a serious error after 18.Nd3. I thought that Karpov's next move was
impossible because of Nxe4, but in fact it is extremely strong.} (18... Nd7 {
Huzman} 19. a4 Nc5 20. Nxc5 Bxc5 21. Ba3 $16) 19. Bf4 $1 (19. Bg5 $2 Nxg2 $1 (
19... Qh5 20. Bxh4 Qxh4 21. f3 $16) 20. Kxg2 Qh5 21. Bf4 (21. Bxf6 Rxf6 22. f4
(22. Nce5 Rh6 $40) 22... Qg4+ 23. Kf2 Rxf4+ 24. Nxf4 Rf8) 21... Nxe4 $1 (21...
Ng4 22. Bg3 Rf3 {Unfortunately, this fails to...} 23. h3 $1 $16) 22. Rxe4 (22.
h3 Qd5 $1 $19 {[%cal Gd5g2]}) 22... Qg6+ (22... Qg4+ $5 {Huzman} 23. Kf1 Qf3
24. Nd2 Qh1+ 25. Ke2 Qxa1 $13) 23. Kf3 Qh5+ $11) 19... Nxe4 20. Bg3 $1 {
Very simple. White fortifies his kingside and proceeds to attack Black's
bishop.} Nxg3 21. hxg3 Nf5 22. a4 Ne3 {No exclams or question marks for this
move. It's simply necessary. Best practical chance} (22... Nd6 {Huzman} 23.
Nce5 c5 (23... Ra8 $140 $5 24. a5 Nxb5) (23... Qc8 24. Nc6 $1 $16) 24. bxc6 Qc8
25. Qxc8 Rbxc8 26. a5 $16) 23. Nce5 $2 (23. fxe3 $1 {As often is the case, the
way to refute a sacrifice is to accept it!} dxe3 $1 {I discovered this later.
I think this is Black's best chance, because White's best move leaves his
queen a bit precariously placed....} (23... Qg6 {During the game, I only saw
this move} 24. Nce5 $1 (24. Nf4 {Huzman} Qxg3 25. Nxb6 axb6 $132) 24... Qxg3
25. a5 (25. e4 {Huzman} Rf6 26. a5 Rbf8 {[%cal Gf6f2]} 27. axb6 Rf2 (27... Rh6
28. Ng4 $1 $18) 28. Nxf2 Qxf2+ $11 (28... Rxf2 $4 29. Qc8+ $18)) 25... dxe3 26.
Re2 $1 (26. axb6 Rf2 $1 (26... Rf2 {Huzman} 27. Nxf2 exf2+ (27... Qxf2+ 28. Kh2
Qh4+ $11) 28. Kf1 fxe1=Q+ 29. Rxe1 Rf8+ 30. Nf3 Rxf3+ $11)) 26... Rf2 (26...
Bd4 27. Qxe6+ Kh8 28. Rf1 Rxf1+ 29. Kxf1 Rf8+ 30. Kg1 $1 $18 (30. Nf7+ Kg8 31.
Rf2 $1 Qxf2+ $1 32. Nxf2 Rxf7)) 27. Rxf2 (27. Nxf2 $4 {Huzman} exf2+ 28. Kf1
Qh2 $19) 27... exf2+ 28. Kf1 Qh2 29. axb6 Qg1+ 30. Ke2 $18) 24. Nxb6 $1 (24.
Re2 Qh5) 24... axb6 25. Rxe3 $18 {but I don't see a way for Black to exploit
White's Qa6}) 23... Nc2 24. Nc6 $2 {Another error and now White is almost
worse.} (24. a5 $1 {Of course, materially speaking, Black is doing fine, but
White's knights are so strong that I think that White is still much better.}
Nxe1 (24... Nxa1 {Huzman} 25. Rxa1 c5 26. bxc6 (26. axb6 axb6 $13 (26... Rxb6
27. Qxa7 Qxb5 28. Qe7 $1 $16)) 26... Bc7 27. Nd7 $16) 25. Rxe1 Bxa5 26. Qxa5
Qxb5 27. Qxa7 $1 $16) 24... Nxa1 25. Rxa1 (25. Nxb8 $2 Nc2 26. Rc1 e5 $1 $17)
25... Ra8 (25... e5 $1 26. a5 (26. Ncxe5 Bc5 27. Nxc5 Qxe5 28. Nd7 Qe2 29. Rf1
d3 $15) 26... Ra8 $1 {Transposes.}) 26. Re1 $1 (26. a5 e5 $1 27. Ncxe5 (27.
axb6 axb6 28. Qxa8 Qxa8 29. Rxa8 Rxa8 30. Ndxe5 Ra1+ 31. Kh2 Rd1 32. Nb4 Rb1
$11 (32... Rb1 {Huzman} 33. Ned3 Ra1 {[%cal Ga1a5]} 34. Ne5 Rb1 $11)) 27... Bc5
) 26... e5 (26... Qh5 $5 {[%cal Gb6c5] Huzman} 27. Nce5 Qf5 (27... c5 28. a5 (
28. bxc6 $44 {[%cal Ya4a5]}) 28... Bc7 29. Nxc5 $44) 28. a5 Rfb8 29. g4 $1 Qg5
30. Ra1 $14) 27. Rxe5 (27. f3 $1 $14 {[%cal Ya4a5] Huzman}) 27... Qf7 28. a5
Qb3 29. Ncb4 Rae8 {I decided to force the draw.} (29... Rfb8 {Would lead to a
very strange position - White can't take the bishop on b6 because of his queen
on a6 and his knights are chained to each other. However, Black can't move
either R or his bishop.}) (29... Rfb8 $5 {Huzman}) (29... c5 $1 {Huzman} 30.
bxc6 (30. axb6 axb6 31. Qxb6 cxb4 $17) 30... Bc7 $17) 30. Rxe8 Rxe8 31. Kh2 {
Setting one last trap.} Qf7 $1 {Not falling for it.} (31... Bc5 $2 32. Qc6 $1
Re6 (32... Bxb4 33. Qxe8+ Bf8 34. Ne5 $40) 33. Nxc5 $1 $18) 32. axb6 {There
was nothing more.} Qh5+ 33. Kg1 Qd1+ 34. Kh2 Qh5+ 1/2-1/2

[Event "Zafra Ruy Lopez"]
[Site "Zafra"]
[Date "2007.03.23"]
[Round "7"]
[White "Sargissian, Gabriel"]
[Black "Granda Zuniga, Julio E"]
[Result "1-0"]
[WhiteElo "2658"]
[BlackElo "2612"]
[Annotator "Aronian,L"]
[PlyCount "111"]
[EventDate "2007.03.17"]
[EventType "tourn"]
[EventRounds "7"]
[EventCountry "ESP"]
[EventCategory "15"]
[SourceTitle "CBM 117"]
[Source "ChessBase"]
[SourceDate "2007.03.30"]
[SourceVersion "1"]
[SourceVersionDate "2007.03.30"]
[SourceQuality "1"]

1. d4 {This game was played in the final round. Since Gabriel could already
not avoid winning the tournament, he decided to play for fun.} d5 2. c4 dxc4 {
I wonder if I am old and wise enough to condemn this move?} 3. e4 Nf6 {I have
twice had 3...e5 played against me. Both continuations are of equal merit.} 4.
e5 Nd5 5. Bxc4 {Black's main problem in this variation is his lightsquared
bishop, which wants to see the light of day, something White resolutely
prevents.} Nb6 6. Bd3 Nc6 7. Be3 Be6 ({Quite often Black plays} 7... Nb4 8. Be4
f5 9. exf6 exf6 {At the cost of some weakening of his central squares, Black
is able to develop his pieces.}) 8. Nc3 Bc4 {Both 8...Nb4 and 8...Qd7 have
also been played. Not being a great expert on the variation, I will not offer
any opinion on the merits of these alternatives.} 9. Bxc4 Nxc4 10. Qb3 {
White creates confusion in the black position, by driving the knight to a5.}
N6a5 11. Qc2 e6 12. Nf3 {Doctor Huebner once developed the knight to e2 in
such a position. Both ideas have their merits. On f3, the knight is more
aggressive, since it can come to g5 in various positions.} Nc6 {Granda Zuniga
follows the game Sargissian-Ponomariov played earlier in the same tournament.
There, Gabriel did not achieve an opening advantage.} 13. a3 {The player
develops before our very eyes. In the previous game, the knight was allowed to
reach d5 via b4.} Nb6 {Even though Black has offloaded his problem bishop, he
has not equalized, as White has developed more pieces.} 14. O-O Ne7 ({After} 
14... Be7 {White can increase the pressure simply by} 15. Qe4 O-O 16. h4 {
The knight on c6 is chronically bad.}) 15. Ne4 Ned5 16. Bd2 {Played on the
basis of general considerations. To quote the author of the move: White has a
pleasant position, but since Black is very solid, it was decided to play a
couple of neutral moves.} Be7 17. Rfe1 {Some people may ask what the rook is
doing here. I assume Gabriel was dreaming of bringing it to g4. I take my cap
off to him!} Qd7 {Black tries to strengthen his position as much as possible
before determining the position of his king. Given his rather cramped position,
premature castling could have serious consequences.} 18. b4 {Increasing the
pressure.} h6 {Black does not have much to do, and so decides to wait.} 19. Ng3
{A mysterious move, but since it probably influenced Black's decision to play
c6, one it is a noteworthy move also. Looking through Gabriel's games, I
always have the feeling bthat there is something mystical in his play.} Qa4 20.
Qd3 c6 {Despite the difficulty of playing the black position, one must
acknowledge that this is a mistake. Now White's hands are freed. Maybe Black
should have continued waiting with 20...a6?} ({As for the interesting
possibility} 20... a5 {reliable sources inform me that this was going to be
met with} 21. bxa5 Nc4 22. Bb4 Nxa5 23. Nh5 {It seemed to Gabriel that after}
O-O {White could hope for a certain something. Nothing decisive is available,
however, and the outcome of the game would remain unclear.}) 21. Rec1 {It is
important to take control of the light squares.} Nc7 22. Ne4 ({Also
interesting is} 22. Nh5 g6 23. Nf6+ Bxf6 24. exf6 {, but this is hardly
necessary for White. This is all the more so, since it is not Gabriel's way to
transform an advantage so sharply.}) 22... Rd8 {A fortunate blunder of a pawn.}
({As the machine shows, the attempt to hold things together by} 22... Qa6 23.
Qb1 Rd8 {does not work because of} 24. a4 Nbd5 25. Rc5 {and Black's position
is unenviable. Black loses material after} Bxc5 26. dxc5 O-O 27. Nd6 {(27...
Qe2 28.Ra2) because of the unfortunate position of his queen.}) 23. Nc5 {
White naturally wants to win a pawn.} Bxc5 24. bxc5 Nbd5 {Other knight
retreats are not worth serious attention.} 25. Rc4 Qa6 26. Qc2 {26.Qb3 also
leaves White with an extra pawn, but I prefer the move in the game.} b5 {
He must give the pawn, in order to save the queen from the deadly threat of
Ra4.} 27. cxb6 Nxb6 ({After} 27... axb6 28. Rxc6 Rc8 29. a4 O-O 30. Rc1 {
the pin cripples Black.}) 28. Rxc6 Ncd5 {An unlikely scenario. Despite losing
a pawn, Black's position suddenly looks harmonious. I can imagine the surprise
of both players.} 29. a4 ({It looks stronger to play} 29. Qc5 Ne7 30. Rc7 Ned5
31. Qc6+ Kf8 32. Qc5+ Kg8 33. Rc6 Qd3 34. a4 Kh7 35. a5 {although here too
Black retains drawing chances. After the move in the game, the main dangers
are already behind Black.}) 29... O-O 30. Qb3 {White cannot prevent the
exchange of the strong rook on c6. One has to accept that White's winning
chances are an illusion.} Rc8 31. Rac1 {31.Rd6 looks a bit desperate.} Rxc6 32.
Rxc6 Rc8 {An interesting move.} ({A good alternative was} 32... Qxa4 33. Qxa4
Nxa4 34. Ra6 Nab6 35. Rxa7 Rb8 {, when I don't think it would have required
enormous efforts to hold the draw.}) 33. Rxc8+ Qxc8 34. a5 Qc4 {But this is
already a mistake.} ({After} 34... Nc4 35. Be1 a6 {despite the fact that the
knight on c4 has no squares, it is hard for White to do anything.}) 35. Qb1 {
Now Black has to worsen the position of his knight.} Nc8 {Black had a choice
between the move in the game and 35...Nd7, in both cases White has a clear
advantage.} 36. h4 {It is important to fix the pawns on h6 and g7.} Nde7 {
Only time-trouble can explain tis mistake. Now White breaks into Black's rear.
He should keep control of the b7 square, such as by Qc6.} 37. Qb7 {Granda did
no want to let the a7-pawn be fixed, but now White wins by force.} a6 38. Qd7
Qb5 (38... Ng6 {does not save the game either. White can play simply 39.Kh2
and on 39...Nf8 40.Qb7 with the idea of Bb4.}) 39. Qd8+ Kh7 40. Kh2 {The last
move in time-trouble.} ({There was an easy win by} 40. Qf8 Qb1+ 41. Kh2 Qf5 42.
Bc1 {and there is no defence to Ba3 winning a piece.}) 40... Qb7 {Now White
has to win the game over again.} 41. Qe8 Nc6 {A mistake.} ({After} 41... Nd5
42. h5 Na7 43. g4 {Black has the unlikely resource} Nf6 $1 {White would have
to seek another path.}) 42. h5 N8a7 {Black's position is very hard to defend.
For this reason, I will not critisize this move too harshly.} 43. g4 {43.Be3
would almost stalemate Black. Probably having seen that the text move forces
off the queens, White did not look for another move.} Qe7 {The threat was 44.
g5 and mate.} 44. Qxe7 Nxe7 45. Kg3 {White has good winning chances because of
the weakness of the a6 pawn and the fixed kingside pawn structure.} g5 ({After
} 45... Nd5 46. Ne1 Nc6 47. Nc2 {the white king slowly but surely comes into
the centre, and the knight to c4. Even so, this was a better bet for Black.})
46. hxg6+ fxg6 47. Kf4 {As soon as the king can take over protection of the
pawn on d4, the white knight has its hands free.} Nac6 48. Ke4 {The knight
will now come to the staging post on d3.} Nd8 49. Nh4 {There are threats both
of f4-f5 and Ng2-Ne3 and d5} Ndc6 50. Kd3 {With his opposite number passive,
the white king approaches the heart of the enemy position.} Kg7 51. Kc4 {
The game is lost and the subsequent moves do not change anything.} h5 52. gxh5
gxh5 53. Kc5 Kf7 54. Nf3 Kg6 55. Kd6 Kf5 56. Bg5 1-0

[Event "SRB-chT Central"]
[Site "Kraljevo"]
[Date "2014.09.20"]
[Round "10.2"]
[White "Atalik, Suat"]
[Black "Pancevski, Filip"]
[Result "1-0"]
[WhiteElo "2549"]
[BlackElo "2469"]
[Annotator "Atalik,S"]
[PlyCount "37"]
[EventDate "2014.09.13"]
[EventType "team-tourn"]
[EventRounds "11"]
[EventCountry "SRB"]
[SourceTitle "CBM 163"]
[Source "ChessBase"]
[SourceDate "2014.11.11"]
[SourceVersion "1"]
[SourceVersionDate "2014.11.11"]
[SourceQuality "1"]
[WhiteTeam "Kraljevo"]
[BlackTeam "Paracin"]
[WhiteTeamCountry "SRB"]
[BlackTeamCountry "SRB"]

1. d4 d5 2. c4 dxc4 3. e4 b5 {I know that Filip plays the QGA from time to
time but this move has a certain surprise value.} 4. a4 c6 (4... Bb7 5. axb5
Bxe4 6. Nc3 Bb7 (6... Bd5 7. Nxd5 Qxd5 8. Ne2 Qxb5 9. Nc3 $40) 7. Nf3 Nf6 8.
Bxc4 e6 9. O-O Be7 $13) 5. axb5 (5. Nc3 b4 6. Nb1 $5 {transposes to the Slav
and to my game against IM Marcel Peek from the Vienna Husek Open 2012.}) 5...
cxb5 6. Nc3 a6 $5 {The real surprise.} ({Yermolinsky-Zaltsman, Saint Martin 
(Open) 1993 with} 6... Bd7 {is the only thing I knew about this line.} 7. d5 $1
$44) 7. Nxb5 axb5 8. Rxa8 Bb7 9. Rxb8 $5 $146 ({In this line, which is quickly
gaining popularity, everyone pulls the rook back. Unless he is forced to do so,
a chessplayer should never step back!} 9. Ra1 e6 (9... Bxe4 10. f3) 10. f3 f5
11. exf5 Ne7 $13 (11... Nh6 $5 12. Bxh6 Qh4+ 13. g3 Qxh6 $13)) (9. Ra7 $6 Bxe4
(9... Qb6 10. Rxb7 Qxb7 11. f3 e5) 10. f3 Qb6 $40) 9... Qxb8 10. f3 {Now White
has the centre and the rest of the game emphasises its importance.} (10. Bxc4
$2 {does not fully work} bxc4 11. Qa4+ Kd8 12. Bd2 e6 13. Ba5+ Ke7 14. Qb4+ Kf6
15. e5+ Kg6 $19) 10... e5 {A natural reaction.} (10... e6 11. b3) (10... Bc6
11. b3 cxb3 12. Qxb3 e6 {is more prudent.}) 11. b3 $1 (11. Ne2 {is slower.})
11... Bb4+ 12. Kf2 (12. Bd2 $4 c3 13. Bxb5+ Kf8 $19) 12... exd4 $2 {An
ambitious move by IM Pancevski who was in position to make a GM norm only if
he should win this game.} (12... Qd6 13. bxc4 Bc5 14. Qb3 Qxd4+ (14... exd4 $6
15. cxb5 d3+ 16. Ke1 Qd4 17. Qxd3 Qf2+ 18. Kd1) (14... Bxd4+ 15. Be3 b4 16. Ne2
Bxe3+ 17. Qxe3 Ne7 18. c5 Qc7 19. Nc1 O-O 20. Bc4 $36) 15. Be3 Qxe3+ 16. Qxe3
Bxe3+ 17. Kxe3 bxc4 18. Bxc4 Nh6 19. Ne2 Ke7 $14) 13. bxc4 $1 {Intermezzo!} (
13. Qxd4 Nf6 14. bxc4 O-O 15. cxb5 Bd6 $44) 13... Qa7 (13... Bc5 14. Bd3 bxc4
$140 (14... b4 15. Qa4+) 15. Qa4+ $16) 14. cxb5 (14. Qb3 $6 d3+ 15. Be3 Be1+
16. Kxe1 Qxe3+ 17. Kd1 Ne7 $44 18. Qxd3 Qc5 19. cxb5 O-O $44) 14... d3+ (14...
Ne7 15. Bd3 O-O 16. Ne2 Ng6 17. Qb3 Bc5 18. Rd1 $16) 15. Be3 Qa2+ 16. Ne2 $1 {
However this is the real surprise!} (16. Kg3 $2) 16... dxe2 17. Bxe2 Nf6 $2 {
Filip who has been already getting low on time, makes a crucial mistake.} (
17... Qb2 $1 18. Bd4 (18. Bb6 Be7 19. Bd4 Qb4 20. Bxg7 Bf6 21. Bxh8 Bxh8 {
is no picnic either.}) 18... Bc3 19. Bxc3 Qxc3 20. Qd6 Ne7 21. Rd1 Qc8 22. b6
f6 23. Rd4 $1 {preparing Bc4 makes the position very unpleasant for Black.})
18. Qd4 Qa3 (18... Be7 19. Rc1 $1 (19. Qb6 Qa8) 19... Qe6 20. Rc7 $18) 19. Qe5+
{A premature resignation by Black.} (19. Qe5+ Kf8 20. Ra1 $1 (20. Qb8+ Ne8 21.
Rc1 $1 (21. Qxb7 $2 Bc5 $1 $11 {is the final trick.}) 21... Qa8 22. Rc8 $18)
20... Bd6 (20... Qc3 21. Qxc3 Bxc3 22. Ra7 Bc8 23. Rc7 $18) 21. Rxa3 Bxe5 22.
Ra7 $18) (19. Ra1 Qb3 (19... Qc3 20. Qxc3 Bxc3 21. Ra7 Bc8 22. Rc7 $18) 20. Ra7
$18) 1-0